Life of Christ / (Record no. 64806)

MARC details
000 -LEADER
fixed length control field 00526nam a22001577a 4500
005 - DATE AND TIME OF LATEST TRANSACTION
control field 20120410142917.0
020 ## - INTERNATIONAL STANDARD BOOK NUMBER
International Standard Book Number 8170861209
Terms of availability 00.00
035 ## - SYSTEM CONTROL NUMBER
System control number A-759007
037 ## - SOURCE OF ACQUISITION
Stock number DPL
Source of stock number/acquisition ENG
100 ## - MAIN ENTRY--PERSONAL NAME
Personal name Fulto, J. She
245 ## - TITLE STATEMENT
Title Life of Christ /
Statement of responsibility, etc by J. She Fulto
260 ## - PUBLICATION, DISTRIBUTION, ETC. (IMPRINT)
Place of publication, distribution, etc Bangalore
Name of publisher, distributor, etc Asian Trading Corporation
Date of publication, distribution, etc 1995
300 ## - PHYSICAL DESCRIPTION
Extent 476p.
Dimensions 20 cms.
942 ## - ADDED ENTRY ELEMENTS (KOHA)
Source of classification or shelving scheme Dewey Decimal Classification
Item type English Books
Classification part 280
Call number suffix SFS
Holdings
Withdrawn status Lost status Not for loan Collection code Home library Current library Date acquired Cost, normal purchase price Full call number Barcode Cost, replacement price Koha item type
      Non-fiction Sarojini Nagar Sarojini Nagar 10/04/2012 0.00 280 SFS A-759007 0.00 English Books

© Delhi Public Library
Hit Counter
free hit counter